Municípios do Espírito Santo pelas duas letras iniciais - Statistics

Estatísticas Gerais
  • Esse quiz foi jogado 194 vezes
  • A pontuação média é 56 de 78
Estatísticas das Respostas
Município % Correto
Cachoeiro de Itapemirim
96%
Cariacica
96%
Castelo
96%
Viana
91%
Vitória
91%
Vila Pavão
90%
Vila Valério
90%
Vila Velha
90%
Baixo Guandu
89%
Barra de São Francisco
89%
Conceição da Barra
88%
Colatina
87%
Conceição do Castelo
87%
Santa Leopoldina
87%
Santa Maria de Jetibá
87%
Santa Teresa
87%
São Domingos do Norte
87%
São Gabriel da Palha
87%
São José do Calçado
87%
São Mateus
87%
São Roque do Canaã
87%
Alegre
85%
Alfredo Chaves
85%
Alto Rio Novo
85%
Marataízes
84%
Marechal Floriano
84%
Marilândia
84%
Mantenópolis
83%
Domingos Martins
79%
Dores do Rio Preto
79%
Serra
79%
Bom Jesus do Norte
78%
Boa Esperança
77%
Aracruz
76%
Linhares
76%
Guaçuí
73%
Guarapari
73%
Piúma
73%
Montanha
72%
Pinheiros
72%
Águia Branca
69%
Anchieta
69%
Divino de São Lourenço
69%
Mucurici
69%
Muniz Freire
69%
Muqui
69%
Pedro Canário
69%
Afonso Cláudio
67%
Água Doce do Norte
67%
Mimoso do Sul
67%
Sooretama
67%
Laranja da Terra
65%
Itaguaçu
63%
Itapemirim
63%
Itarana
63%
Pancas
61%
Rio Bananal
61%
Jaguaré
60%
Rio Novo do Sul
60%
Atílio Vivácqua
59%
Nova Venécia
57%
Apiacá
56%
Brejetuba
56%
Ponto Belo
54%
Venda Nova do Imigrante
54%
Fundão
53%
Governador Lindenberg
52%
Presidente Kennedy
49%
Ibatiba
48%
Ibiraçu
48%
Ibitirama
48%
João Neiva
48%
Vargem Alta
48%
Ecoporanga
47%
Jerônimo Monteiro
43%
Iconha
40%
Iúna
38%
Irupi
32%
Nenhum quiz correspondente encontrado
Distribuição das Pontuações
Porcentagem de Pessoas com Cada Pontuação
Percentil de Números Respondidos
Sua Pontuação Histórica
Você não jogou esse quiz